000 00641nam a2200217Ia 4500
005 20230327102720.0
008 131103s9999 xx 000 0 und d
020 _a8170462916
_cRs.140.00
040 _aLoreto College
041 _aEnglish
082 _a891.443
_bDEB
100 _aDebi, Mahasweta
245 _aBedanabala
_b Her life, Her times
_cMahasweta Debi.Translated by Sunandini Banerjee
260 _aCalcutta
_bSeagull
_c2005
300 _a73p
630 _aFiction translated from Bengali
650 _aLiterature in Indian Languages
651 _aFiction in Bengali
700 _aBanerjee, Sunandini, tr
942 _cBK
999 _c36287
_d86766